| 000 | 00333nam a2200109Ia 4500 | ||
|---|---|---|---|
| 008 | 220217s9999||||xx |||||||||||||| ||und|| | ||
| 100 |
_aArihant Publications _910069 |
||
| 245 | 0 | _a20 practice sets SSC combined graduate levell | |
| 260 |
_aArihant Publications _bNew Delhi _c2017 |
||
| 300 |
_a400p. _b410 |
||
| 650 | _aGENERAL BOOKS | ||
| 999 |
_c188100 _d188100 |
||